States and Territories of Malaysia (with map) - Statistics

General Stats
  • This quiz has been taken 67 times
  • The average score is 11 of 16
Answers on the Map
Answers color-coded by a green-red scale on the quiz's map according to % correct below.
 
Answer Stats
Answers % Correct
Kuala, Lumpur
86%
Sabah
86%
Johor
81%
Perak
76%
Perlis
76%
Kedah
71%
Putrajaya
71%
Sarawak
71%
Negeri, Sembilan
67%
Selangor
67%
Terengganu
67%
Kelantan
62%
Labuan
62%
Pahang
62%
Melaka
57%
Pulau, Pinang
52%
No matching quizzes found
Score Distribution
Percent of People with Each Score
Percentile by Number Answered
Your Score History
You have not taken this quiz